|
|
|
|
| LEADER |
00000nab a2200000 a 4500 |
| 001 |
vtls000768026 |
| 003 |
SK-MaSNL |
| 005 |
20260302153126.0 |
| 008 |
180206c2001 xo 0 slo |
| 015 |
|
|
|a SNBRB2001/09-26865
|
| 035 |
|
|
|a CLN000119813
|
| 040 |
|
|
|a SNKBUCL
|b slo
|c SNKBUCL
|e AACR2
|
| 041 |
0 |
|
|a slo
|
| 044 |
|
|
|a xo
|c SK
|
| 080 |
|
|
|a 323(437.6)
|2 UDC-MRF-SK2
|
| 100 |
1 |
|
|a Živnerová, Lenka
|4 aut
|9 839082
|
| 245 |
1 |
0 |
|a Prezident necíti vinu, že tu nebol
|c Lenka Živnerová
|
| 300 |
|
|
|b Fotogr.
|
| 600 |
1 |
7 |
|a Schuster, Rudolf,
|d 1934-
|2 snkbucl
|9 86070
|
| 651 |
|
7 |
|a Slovensko
|x politika vnútorná
|y 2001
|x vývoj vnútropolitický
|x Schuster, Rudolf, 1934-
|x stanoviská
|2 snkbucl
|9 847649
|
| 655 |
|
7 |
|a články z novín a časopisov
|2 snkbucl
|9 267496
|
| 773 |
0 |
|
|t Národná obroda
|g Roč. 12, č. 196 (24.8.2001), s.1
|
| 850 |
|
|
|a Slovenská národná knižnica v Martine
|
| 852 |
|
|
|a SNK
|b KIS3GCP
|
| 958 |
|
|
|a RBX
|
| 999 |
|
|
|c 1364483
|d 1366413
|